Welcome to the Holygrace Academy Library

Please use search bar below to get started

MAGIC MAGIC (Record no. 8008)

MARC details
000 -LEADER
fixed length control field 00315nam a22001337a 4500
020 ## - INTERNATIONAL STANDARD BOOK NUMBER
ISBN 81-7224-462-2
082 ## - DEWEY DECIMAL CLASSIFICATION NUMBER
Classification number 823
Item number LAM/M
100 ## - MAIN ENTRY--AUTHOR NAME
Personal name LAMB, G F
245 ## - TITLE STATEMENT
Title MAGIC MAGIC
Remainder of title FOR ALL THE FAMILY
260 ## - PUBLICATION, DISTRIBUTION, ETC. (IMPRINT)
Place of publication MUMBAI
Name of publisher JAICO PUBLISHING HOUSE
Year of publication 2004
300 ## - PHYSICAL DESCRIPTION
Number of Pages 124
650 ## - SUBJECT ADDED ENTRY--TOPICAL TERM
Topical Term ENGLISH FICTION
Geographic subdivision INDIA
942 ## - ADDED ENTRY ELEMENTS (KOHA)
Koha item type Books
Holdings
Withdrawn status Lost status Collection code Home library Current library Shelving location Date acquired Source of acquisition Cost, normal purchase price Full call number Accession Number Koha item type
    Fiction Main Library Main Library SHELF-17D-SCIENCE PROJECT BOOKS,INDIA RELATED& OTHER BOOKS 10/10/2006 purchase 85.00 823 LAM/M 03461 Books